| 000 | 01887nam a2200373 c 4500 | ||
|---|---|---|---|
| 999 |
_c114830 _d114830 |
||
| 003 | BLK | ||
| 005 | 20220727161244.0 | ||
| 008 | 180409b bul|||||r ||||||| ||bul|| | ||
| 010 | _aKNG00120267000 | ||
| 040 | _aBLK | ||
| 041 |
_aBUL _cBUL |
||
| 080 |
_aИзкуство между експресионизма и абстрактното изкуство : Фовизъм, кубизъм, футуризъм, дадаизъм, сюрреализъм, конструктивизъм _b7.037 _z7.037 |
||
| 080 |
_aИзобразителни изкуства и художествени занаяти _b73/76 _x.037 _z73/76.037 |
||
| 080 |
_aАрхитектура _b72 _x.037 _z72.037 |
||
| 100 | 1 |
_aАнгелов, Валентин Ангелов _eпърви автор _9365441 |
|
| 139 |
_aАнгелов, Валентин Ангелов _bА 64 |
||
| 245 | 1 | 0 |
_aКонструктивизмът в изобразителното изкуство и архитектурата _cВалентин Ангелов Ангелов; отг. ред. Атанас Стойков. |
| 257 | _aBGR | ||
| 260 |
_aСофия _bБАН _c1972 |
||
| 300 |
_a196 с. _bс ил., 4 л. ил. _c25 см |
||
| 380 | _a7 | ||
| 500 | _aИзд. на БАН. Инст. за изкуствознание. - 500 тир. - Библиогр. с. 183. | ||
| 650 | 4 |
_aИзкуство, съвременно _9275862 |
|
| 650 | 4 |
_aКонструктивизъм _9159220 |
|
| 653 | _aконструктивизъм | ||
| 653 | _aсъвременно изкуство | ||
| 653 | _aстилове и направления | ||
| 700 | 1 |
_aСтойков, Атанас _eотг. ред. _gАтанасов, Атанас Стойков _9369553 |
|
| 852 |
_aЦб 64353 _bЦб |
||
| 856 | 4 | _qpdf | |
| 856 | 4 | _qpdf | |
| 942 |
_cKNG _n0 _s1 |
||
| 944 |
_aCR _c29.11.2010 _lф / 26.11.2010 _kЛюдмила_Стоянова |
||
| 944 |
_aED _c29.11.2010 _lф / 26.11.2010 |
||
| 944 |
_aED _c2022-07-27 |
||
| 999 | _d114830 | ||